000 00337nam a2200109Ia 4500
008 180517s9999 xx 000 0 und d
020 _a9789715118620
100 _aVelthouse, Lisa
245 _aSaving my first kiss :
_bwhy i'm keeping confetti in my closet /
260 _aManila Philippines :
_bOMF literature
_c2011
300 _a193 pages
999 _c356422
_d356422